Szczegóły MARC21

Rozwój i tożsamość w cyklu życia : studium koncepcji Erika H. Eriksona /

003 -Nazwa inst., której nr kontr. jest w polu 001 [,]
    • @
    • Nazwa instytucji, której n kontrolny jest w polu 001
    • NUKAT
005 -DATA I CZAS OSTATNIEJ MODYFIKACJI [,]
    • @
    • pole kontrolne
    • 20241231115438.0
020 -Międzynarod. znormalizowany nr książki - ISBN [ , ]
    • a
    • Numer ISBN
    • 8390136759 Find
040 -Instytucja sporządzająca opis [ , ]
    • a
    • Instytucja, która sporządziła opis (NP)
    • TOR U/PDJR
    • c
    • Instytucja, która sporządziła rekord (NP)
    • TOR U/PDJR
    • d
    • Instytucja, która zmodyfikowała rekord (P)
    • TOR U/AP
    • d
    • Instytucja, która zmodyfikowała rekord (P)
    • Ł U/MSs
942 -Rodzaj dokumentu [ , ]
    • c
    • Rodzaj dokumentu
    • Książka
100 -Hasło główne - nazwa osobowa [1, ]
    • a
    • Nazwa osobowa (NP)
    • Witkowski, Lech
    • d
    • Daty biograficzne (NP)
    • (1951- ).
    • 9
    • KHW
    • 12381
245 -Strefa tytułu i oznaczenia odpowiedzialności [1,0]
    • a
    • Tytuł
    • Rozwój i tożsamość w cyklu życia : Find
    • b
    • Ciąg dalszy tytułu (NP)
    • studium koncepcji Erika H. Eriksona / Find
    • c
    • Pozostałe elementy strefy tytułu i oznaczenia odpowiedzialności (NP)
    • Lech Witkowski.
250 -Strefa wydania [ , ]
    • a
    • Oznaczenie wydania (NP)
    • Wyd. 2.
260 -Strefa adresu wydawniczego [ , ]
    • a
    • Miejsce wydania (P)
    • Toruń :
    • b
    • Nazwa wydawcy (P)
    • Wydawnictwo WIT-GRAF,
    • c
    • Data wydania (P)
    • 2000.
300 -Strefa opisu fizycznego [ , ]
    • a
    • Określenie formy książki i/lub objętość (NP)
    • 276 s. ;
    • c
    • Format (NP)
    • 21 cm.
336 -Typ zawartości [ , ]
    • a
    • Termin opisujący typ zawartości
    • Tekst
    • b
    • Kod określający zawartość
    • txt
    • 2
    • Źródło (terminu i kodu)
    • rdacontent
337 -Typ mediów [ , ]
    • a
    • Tryb odtwarzania
    • Bez urządzenia pośredniczącego
    • b
    • Kod typu mediów
    • n
    • 2
    • Źródło (terminu i kodu)
    • rdamedia
338 -Typ/rodzaj nośnika [ , ]
    • a
    • Hasło opisujące typ nośnika
    • Wolumin
    • b
    • Kod typu nośnika
    • nc
    • 2
    • Źródło (terminu i kodu)
    • rdacarrier
504 -Uwaga dot. bibliogr. załącznikowej [ , ]
    • a
    • Uwaga dot. bibliografii załącznikowej
    • Bibliogr. s. 259-269. Indeks.
546 -Uwaga dot. języka [ , ]
    • a
    • Uwaga dot. języka
    • Spis treści także ang.
080 -Uniwersalna Klasyfikacja Dziesiętna [ , ]
    • a
    • Symbol klasyfikacji
    • 159.922
    • 9
    • UKD
    • 2416
    • 2
    • Identyfikator wydania tablic
    • UDC-P058
    • b
    • Dopowiedzenie
    • Właściwości życia psychicznego. Świadomość. Psychologia rozwojowa.
080 -Uniwersalna Klasyfikacja Dziesiętna [ , ]
    • a
    • Symbol klasyfikacji
    • :159.964
080 -Uniwersalna Klasyfikacja Dziesiętna [ , ]
    • a
    • Symbol klasyfikacji
    • :316.6
600 -Hasło przedmiotowe w formie nazwy osobowej [1,7]
    • a
    • Nazwa osobowa
    • Erikson, Erik H.
    • d
    • Daty związane z nazwą
    • (1902-1994)
    • x
    • Określnik rzeczowy
    • krytyka i interpretacja.
    • 2
    • Źródło terminu
    • kaba
    • 9
    • KHW
    • 373490
650 -Hasło przedmiotowe [ ,7]
    • a
    • Hasło przedmiotowe
    • Ja (psychologia).
    • 2
    • Źródło terminu
    • kaba
    • 9
    • KHW
    • 112560
650 -Hasło przedmiotowe [ ,7]
    • a
    • Hasło przedmiotowe
    • Tożsamość (psychologia).
    • 2
    • Źródło terminu
    • kaba
    • 9
    • KHW
    • 133695
980 -Symbol UKD [ , ]
    • a
    • UKD
    • 159.922:159.964:316.6
920 -ISBN [ , ]
    • a
    • ISBN
    • 83-901367-5-9 Find
Data inwentaryzacji Sygnatura Lokalizacja Status udost. Numer inwentarzowy
2001-10-17egz.arch.BG1Pd.14325